| 000 | 01253nam a2200349 a 4500 | ||
|---|---|---|---|
| 001 | ebr10225382 | ||
| 003 | CaPaEBR | ||
| 006 | m u | ||
| 007 | cr cn||||||||| | ||
| 008 | 070706s2008 njua sf 001 0 eng | ||
| 010 | _z 2007028127 | ||
| 015 |
_aGBA788212 _2bnb |
||
| 016 | 7 |
_z014235234 _2Uk |
|
| 020 | _z9780470168134 (pbk. : alk. paper) | ||
| 040 |
_aCaPaEBR _cCaPaEBR |
||
| 035 | _a(OCoLC)212906073 | ||
| 050 | 1 | 4 |
_aHF5635 _b.D226 2008eb |
| 082 | 0 | 4 |
_a657 _222 |
| 100 | 1 | _aSiegel, Joel G. | |
| 245 | 1 | 4 |
_aThe vest pocket CPA _h[electronic resource] / _cJoel G. Siegel, Nick Dauber, Jae K. Shim. |
| 250 | _a4th ed. | ||
| 260 |
_aHoboken, N.J. : _bJohn Wiley & Sons, _cc2008. |
||
| 300 |
_axxxi, 726 p. : _bill. |
||
| 500 | _aIncludes index. | ||
| 533 |
_aElectronic reproduction. _bPalo Alto, Calif. : _cebrary, _d2013. _nAvailable via World Wide Web. _nAccess may be limited to ebrary affiliated libraries. |
||
| 650 | 0 |
_aAccounting _vHandbooks, manuals, etc. |
|
| 655 | 7 |
_aElectronic books. _2local |
|
| 700 | 1 | _aDauber, Nicky A. | |
| 700 | 1 | _aShim, Jae K. | |
| 710 | 2 | _aebrary, Inc. | |
| 856 | 4 | 0 |
_uhttp://site.ebrary.com/lib/rucke/Doc?id=10225382 _zAn electronic book accessible through the World Wide Web; click to view |
| 999 |
_c41101 _d41101 |
||